[Event "North American op 30th"]
[Site "ICC INT"]
[Date "2020.12.28"]
[Round "6"]
[White "Velazquez Martinez, Josue Cuauht"]
[Black "Singireddy, Sathvik"]
[Result "1/2-1/2"]
[WhiteElo "2179"]
[BlackElo "1683"]
[PlyCount "106"]
[EventDate "2020.12.26"]
[EventType "swiss"]
[EventRounds "8"]
[EventCountry "USA"]
[SourceTitle "CBM 200 Extra"]
[Source "ChessBase"]
[SourceDate "2021.03.31"]
[SourceVersion "1"]
[SourceVersionDate "2021.03.31"]
[SourceQuality "1"]

1. e4 d5 2. Nc3 d4 3. Nce2 e5 4. Nf3 Bd6 5. Ng3 Ne7 6. Bc4 0-0 7. 0-0 a6 8. a4 c5 9. d3 Nbc6 10. Bg5 h6 11. Bd2 Rb8 12. Nh4 b5 13. axb5 axb5 14. Ba2 Kh8 15. Nhf5 Nxf5 16. exf5 Be7 17. f4 c4 18. Qh5 f6 19. dxc4 bxc4 20. Bxc4 Rxb2 21. fxe5 Qe8 22. exf6 Bxf6 23. Ra2 Qxh5 24. Nxh5 Rxa2 25. Bxa2 Bg5 26. Bxg5 hxg5 27. f6 gxf6 28. Rxf6 Rxf6 29. Nxf6 Kg7 30. Ne8+ Kg6 31. Nd6 Ba6 32. Kf2 Nb4 33. Bb3 Kf6 34. Ne4+ Kf5 35. Nc5 Bb5 36. Bg8 Ke5 37. Bh7 Nd5 38. Ne4 g4 39. Nc5 Ne3 40. Nd3+ Bxd3 41. Bxd3 Kf4 42. Bh7 Nc4 43. Bg6 Ne3 44. Bd3 Nd1+ 45. Ke2 Ne3 46. g3+ Ke5 47. c4 Kd6 48. Ke1 Kc5 49. Be2 Kb4 50. Kf2 Kc5 51. Ke1 Kb4 52. Kf2 Kc5 53. Ke1 Kb4 1/2-1/2

[Event "USA National op 51st"]
[Site "ICC INT"]
[Date "2020.11.27"]
[Round "3"]
[White "Singireddy, Sathvik"]
[Black "Krishnakumar, Sriram"]
[Result "1-0"]
[WhiteElo "1683"]
[BlackElo "1981"]
[PlyCount "87"]
[EventDate "2020.11.27"]
[EventType "swiss"]
[EventRounds "9"]
[EventCountry "USA"]
[SourceTitle "CBM 199 Extra"]
[Source "ChessBase"]
[SourceDate "2021.01.31"]
[SourceVersion "1"]
[SourceVersionDate "2021.01.31"]
[SourceQuality "1"]

1. e4 e5 2. Nf3 Nc6 3. Bb5 a6 4. Ba4 Nf6 5. 0-0 b5 6. Bb3 Bb7 7. d3 Be7 8. Nc3 d6 9. a4 b4 10. Ne2 Na5 11. Ba2 c5 12. Ng3 g6 13. h3 h5 14. Re1 b3 15. cxb3 Nc6 16. Bd2 a5 17. Nf1 Bc8 18. Ne3 Be6 19. Ng5 Nb4 20. Nxe6 fxe6 21. Nc4 0-0 22. Rf1 Nh7 23. Bxb4 axb4 24. Bb1 Kg7 25. Bc2 h4 26. Qe1 Bg5 27. Bd1 Nf6 28. a5 Ra6 29. d4 exd4 30. e5 dxe5 31. Qxe5 Qd5 32. Be2 Ra7 33. Bd3 Rfa8 34. Qe2 Re8 35. f4 Bh6 36. Ne5 g5 37. f5 exf5 38. Rxf5 Rae7 39. Qf2 Qd6 40. Rf1 Rf8 41. Ng4 Nxg4 42. hxg4 Rfe8 43. Rf7+ Kg8 44. Qf5 1-0

[Event "Windsor NAYCC U14"]
[Site "Windsor"]
[Date "2016.08.08"]
[Round "2.61"]
[White "Liu, Aristo S"]
[Black "Singireddy, Sathvik"]
[Result "1-0"]
[WhiteElo "1914"]
[BlackElo "1530"]
[PlyCount "153"]
[EventDate "2016.08.07"]
[EventType "swiss"]
[EventRounds "9"]
[EventCountry "CAN"]
[SourceTitle "EXT 2022"]
[Source "ChessBase"]
[SourceDate "2021.10.06"]
[SourceVersion "1"]
[SourceVersionDate "2021.10.06"]
[SourceQuality "1"]

1. e4 c5 2. c3 e6 3. d4 d5 4. e5 Nc6 5. Nf3 Nge7 6. Na3 a6 7. Be2 Nf5 8. Nc2 Bd7 9. 0-0 Be7 10. h3 0-0 11. Re1 Qc7 12. Bf1 Rfc8 13. g4 Nh4 14. Nxh4 Bxh4 15. g5 cxd4 16. cxd4 Nxe5 17. dxe5 Qxc2 18. Qd4 Bxf2+ 19. Qxf2 Qg6 20. Qf3 Bb5 21. h4 h5 22. Bd2 Bxf1 23. Rxf1 Rc4 24. Qf2 Rc2 25. Rac1 Rac8 26. Qf4 R8c6 27. Rxc2 Rxc2 28. Bc3 Re2 29. Re1 Rxe1+ 30. Bxe1 Qb1 31. Qb4 Qxa2 32. Bd2 Qb1+ 33. Kf2 Qf5+ 34. Qf4 Qd3 35. Qe3 Qf5+ 36. Ke1 Qb1+ 37. Bc1 d4 38. Qf4 d3 39. Qc4 b5 40. Qc6 b4 41. Kd2 Qa2 42. Qe8+ Kh7 43. Qxf7 Qb1 44. g6+ Kh6 45. Kd1+ d2 46. Kxd2 Qxg6 47. Qxg6+ Kxg6 48. Kd3 Kf5 49. Kd4 Kg4 50. Bg5 Kf5 51. b3 a5 52. Be7 Kf4 53. Bf6 g5 54. Bxg5+ Kf3 55. Kc5 Ke4 56. Bf6 Kd3 57. Kb5 Kc3 58. Ka4 Kb2 59. Bd8 Kc3 60. Bxa5 Kd4 61. Bc7 Kd5 62. Kxb4 Kc6 63. Bd8 Kd7 64. Bf6 Kc6 65. Ka5 Kb7 66. Kb5 Kc8 67. Kb6 Kb8 68. b4 Kc8 69. b5 Kb8 70. Kc6 Kc8 71. b6 Kb8 72. Be7 Ka8 73. b7+ Ka7 74. Bc5+ Kb8 75. Bd6+ Ka7 76. b8Q+ Ka6 77. Qb6# 1-0

[Event "Windsor NAYCC U14"]
[Site "Windsor"]
[Date "2016.08.08"]
[Round "3.60"]
[White "Singireddy, Sathvik"]
[Black "Yaskolko, Maxim"]
[Result "1/2-1/2"]
[WhiteElo "1530"]
[BlackElo "2014"]
[PlyCount "137"]
[EventDate "2016.08.07"]
[EventType "swiss"]
[EventRounds "9"]
[EventCountry "CAN"]
[SourceTitle "EXT 2022"]
[Source "ChessBase"]
[SourceDate "2021.10.06"]
[SourceVersion "1"]
[SourceVersionDate "2021.10.06"]
[SourceQuality "1"]

1. e4 c5 2. Nf3 d6 3. Bb5+ Bd7 4. Bxd7+ Qxd7 5. 0-0 Nc6 6. c3 Nf6 7. Re1 g6 8. d4 cxd4 9. cxd4 Bg7 10. Nc3 0-0 11. h3 a6 12. Bg5 e6 13. e5 Ne8 14. d5 Nxe5 15. Nxe5 dxe5 16. d6 f6 17. Be3 Qxd6 18. Qb3 f5 19. Rad1 Qe7 20. Na4 Rc8 21. Nb6 Rc7 22. Re2 Nf6 23. Bg5 h6 24. Bxf6 Bxf6 25. Red2 Re8 26. Rd7 Qc5 27. Nd5 exd5 28. R1xd5 Rxd7 29. Rxc5+ Kf8 30. Qc2 e4 31. Rc7 Rde7 32. Rxe7 Rxe7 33. Kf1 f4 34. Ke2 Kg7 35. g3 fxg3 36. fxg3 e3 37. h4 Bd4 38. h5 gxh5 39. Qf5 Bxb2 40. Qxh5 Bf6 41. Qg4+ Bg5 42. Qd4+ Kg6 43. Qd6+ Kf7 44. Qd5+ Ke8 45. Qg8+ Kd7 46. Qd5+ Kc7 47. Qc5+ Kb8 48. Qd6+ Ka7 49. Qd4+ b6 50. Qd5 Rc7 51. Qf5 a5 52. a4 Ka6 53. Qd3+ Ka7 54. Qf5 Rb7 55. g4 Ka6 56. Qd3+ b5 57. Qd6+ Rb6 58. axb5+ Kxb5 59. Qd3+ Ka4 60. Qc4+ Rb4 61. Qa2+ Kb5 62. Qd5+ Ka6 63. Qc6+ Rb6 64. Qa8+ Kb5 65. Qd5+ Kb4 66. Qd4+ Kb5 67. Qd5+ Ka4 68. Qc4+ Rb4 69. Qa2+ 1/2-1/2

[Event "Windsor NAYCC U14"]
[Site "Windsor"]
[Date "2016.08.07"]
[Round "1.60"]
[White "Singireddy, Sathvik"]
[Black "Baker, Vincent J"]
[Result "1-0"]
[WhiteElo "1530"]
[BlackElo "1994"]
[PlyCount "71"]
[EventDate "2016.08.07"]
[EventType "swiss"]
[EventRounds "9"]
[EventCountry "CAN"]
[SourceTitle "EXT 2022"]
[Source "ChessBase"]
[SourceDate "2021.10.06"]
[SourceVersion "1"]
[SourceVersionDate "2021.10.06"]
[SourceQuality "1"]

1. e4 c5 2. Nf3 Nc6 3. Bb5 g6 4. 0-0 Bg7 5. Re1 Nf6 6. c3 0-0 7. d4 cxd4 8. cxd4 d5 9. Bxc6 bxc6 10. e5 Ne4 11. Nbd2 Nxd2 12. Bxd2 Qb6 13. Bc3 a5 14. Nd2 a4 15. b3 c5 16. dxc5 Qxc5 17. Rc1 Bd7 18. b4 Qb6 19. Nf3 e6 20. a3 Bb5 21. Bd4 Qb7 22. Bc5 Rfd8 23. Nd4 Bc4 24. Qf3 Rac8 25. Rxc4 Bxe5 26. Rcc1 Rxc5 27. Rxc5 Bxd4 28. Rc2 e5 29. Rec1 e4 30. Qf4 Bb6 31. Rc7 Bxc7 32. Rxc7 Rd7 33. Rxb7 Rxb7 34. Qe5 Kf8 35. Qxd5 Rc7 36. Qd8+ 1-0